Central Library OPAC University of Rajshahi

Crime and punishment in Mughal India / (Record no. 53318)

MARC details
000 -LEADER
fixed length control field 00823nam a2200265 a 4500
001 - CONTROL NUMBER
control field 53318
003 - CONTROL NUMBER IDENTIFIER
rucl marc code BD-RjUL
005 - DATE AND TIME OF LATEST TRANSACTION
control field 20211209075937.0
008 - FIXED-LENGTH DATA ELEMENTS--GENERAL INFORMATION
fixed length control field 161005s1967 ii b 000 0 eng
035 ## - SYSTEM CONTROL NUMBER
System control number (BD-RjUL)53438
System control number 2604788
040 ## - CATALOGING SOURCE
Original cataloging agency LC
Language of cataloging eng
Transcribing agency LC
Modifying agency LC
041 ## - LANGUAGE CODE
Language code of text/sound track or separate title eng
082 00 - DEWEY DECIMAL CLASSIFICATION NUMBER
Classification number 364.954
Author mark and year SAC 1967
100 1# - MAIN ENTRY--PERSONAL NAME
Personal name Sangar, Satya Prakash,
Dates associated with a name 1917-
9 (RLIN) 159373
245 10 - TITLE STATEMENT
Title Crime and punishment in Mughal India /
Statement of responsibility, etc. Satya Prakash Sangar
260 ## - PUBLICATION, DISTRIBUTION, ETC. (IMPRINT)
Place of publication, distribution, etc. Delhi :
Name of publisher, distributor, etc. Sterling Publishers,
Date of publication, distribution, etc. [1967]
300 ## - PHYSICAL DESCRIPTION
Pagination xii, 249 p. ;
Size 23 cm.
500 ## - GENERAL NOTE
General note "Originally submitted as a PH.D. thesis to the University of Poona in 1957."
504 ## - BIBLIOGRAPHY, ETC. NOTE
Bibliography, etc Bibliography: p. [229]-239.
650 #0 - SUBJECT ADDED ENTRY--TOPICAL TERM
Topical term or geographic name as entry element Crime
Geographic subdivision India
General subdivision History.
9 (RLIN) 159374
Topical term or geographic name as entry element Criminal law (Islamic law)
9 (RLIN) 159375
942 ## - ADDED ENTRY ELEMENTS (KOHA)
Source of classification or shelving scheme Dewey Decimal Classification
Koha item type Books
Holdings
Lost status Source of classification or shelving scheme Damaged status Not for loan Collection code Permanent Location Current Location Shelving location Date acquired Source of acquisition Cost, normal purchase price Total Checkouts Full call number Date last seen Copy number Koha item type
  Dewey Decimal Classification     Non-fiction Central Library, University of Rajshahi Central Library, University of Rajshahi   22/04/1974 Warsi book center 31.25   364.954 SAC 1967 05/10/2016 C-2 Books